000 00194nam a2200085Ia 4500
008 250605s9999 xx 000 0 und d
041 _aeng
100 _aNeha Singh
245 _aSumitra Woodcraft Ltd.
999 _c43658
_d43658